Steal My Girl - One Direction (All Lyrics) - Statistics

General Stats
  • This quiz has been taken 238 times
  • The average score is 326 of 375
Answer Stats
Lyrics % Correct
Girl
99%
My
99%
Steal
99%
When
99%
Every
98%
Everybody
98%
Her
98%
She
98%
(She
98%
I
97%
Me
97%
Me,
97%
Take
97%
The
97%
To
97%
Away
95%
In
94%
One
94%
Wanna
94%
We
94%
World
94%
Cus
93%
Belongs
92%
Heart
92%
Know,
92%
Know
92%
Whole
92%
Wide
90%
Alright,
89%
Alright
89%
(Alright)
89%
(Alright,
89%
Alright)
89%
Couple
89%
Love,
88%
Love
88%
Na,
88%
Na
88%
Want
88%
Were
88%
Billion
87%
'Cause
87%
Is
87%
Same
87%
She's
87%
Dream
86%
So
86%
Things,
86%
16
85%
Find
85%
For
85%
Since
85%
Another
84%
Been
84%
Queen
84%
Sure
84%
All
83%
Calls
83%
Dad
83%
(Oh
83%
(Oh,
83%
Oh,
83%
Son
83%
Dreams
82%
It
80%
Yeah)
79%
Yeah,
79%
(Yeah)
79%
Got
77%
Have
74%
Jeans
73%
Mum
73%
That
73%
And
72%
Don't
72%
Those
71%
Never
70%
If
69%
Let
69%
Doesn't
68%
Sun
67%
Knows,
66%
Knows
66%
Turn
66%
Shine,
65%
Walk
64%
Down
63%
Mean
63%
From
62%
But
60%
Exist
60%
Before
59%
Like
59%
Drops
55%
Gonna
55%
Jaw
55%
Now
55%
I'm
53%
Kisses
53%
Cream,
40%
Well
35%
Na-na
33%
No matching quizzes found
Score Distribution
Percent of People with Each Score
Percentile by Number Answered
Your Score History
You have not taken this quiz